Κατάλογος Βιβλιοθηκών Mediterranean College

Εισαγωγή στην Επεξεργασία Δεδομένων και τα Πληροφοριακά Συστήματα (Record no. 3792)

MARC details
000 -LEADER
fixed length control field 01407cam a22001934a 4500
005 - ΗΜΕΡΟΜΗΝΙΑ ΚΑΙ ΩΡΑ ΤΕΛΕΥΤΑΙΑΣ ΕΝΗΜΕΡΩΣΗΣ
Πεδίο ελέγχου 20250605164125.0
008 - FIXED-LENGTH DATA ELEMENTS--GENERAL INFORMATION
Πεδίο ελέγχου σταθερού μήκους 250528s ||||||||||||||||||||||||d
035 ## - SYSTEM CONTROL NUMBER
System control number 18431
020 ## - ISBN
ISBN 9609149804
040 ## - ΠΗΓΗ ΚΑΤΑΛΟΓΟΓΡΑΦΗΣΗΣ
Φορέας πρωτότυπης καταλογογράφησης MC Athens Campus Library
Γλώσσα καταλογογράφησης Ελληνικά, Μοντέρνα (1453-)
Modifying agency MC Athens Campus Library
Κανόνες περιγραφικής καταλογογράφησης AACR2
245 1# - ΤΙΤΛΟΣ ΚΑΙ ΔΗΛΩΣΗ ΥΠΕΥΘΥΝΟΤΗΤΑΣ
Τίτλος Εισαγωγή στην Επεξεργασία Δεδομένων και τα Πληροφοριακά Συστήματα
260 ## - PUBLICATION, DISTRIBUTION, ETC.
Date of publication, distribution, etc. 2001
300 ## - PHYSICAL DESCRIPTION
Extent 266
520 ## - SUMMARY, ETC.
Summary, etc. Πληροφοριακός Τομέας και Οικονομία, Ο Υπολογιστής, Ιστορική Εξέλιξη των Υπολογιστών, Πληροφορία, Αριθμητικά Συστήματα και Δυαδικοί Κώδικες Χαρακτήρων, Επεξεργασία Δεδομένων, Επεξεργασία Αρχείων, Δομή και Λειτουργία Υπολογιστή, Λογισμικό, Γλώσσες Προγραμματισμού, Τηλεπικοινωνίες και Δίκτυα, Τοπικά Δίκτυα: Πρακτικότητες, Θεωρία Συστημάτων, Πληροφοριακά Συστήματα, Οικονομικές Θεωρίες για την Επίδραση της Πληροφοριακής Τεχνολογίας στις Επιχειρήσεις, Ευρετήριο.
700 1# - ΠΡΟΣΘΕΤΗ ΑΝΑΓΡΑΦΗ--ΦΥΣΙΚΟ ΠΡΟΣΩΠΟ
Personal name Δημητρίου Ιωάννης Κ
9 (RLIN) 4702
942 ## - ADDED ENTRY ELEMENTS (KOHA)
Koha item type Books
Holdings
Τύπος τεκμηρίου Βιβλιοθήκη Τρέχουσα τοποθεσία Barcode Αριθμός εισαγωγής Ημερομηνία απόκτησης Ταξιθετικό σύμβολο Αριθμός αντιτύπου Κατάσταση απόσυρσης Κατάσταση χαμένου Κατάσταση κατεστραμμένου Μη δανεισμός Σύνολο δανεισμών Ημερομηνία τελευταίας εμφάνισης Η τιμή ισχύει από
Books MC Athens Campus Library MC Athens Campus Library 9780000037916 3116 05/06/2025 004 DIM 1           05/06/2025 05/06/2025

MC Athens Campus Library
Πατησίων 94 & Κοδριγκτώνος 13, 104 34
Πελλήνης 8 & Πατησίων 107, 112 51
Τ: +30 210 8899600

MC Thessaloniki Campus Library
Ίωνος Δραγούμη 21, 54625 | Ίωνος Δραγούμη 15, 54625
Τ: +30 2310 287779 – Τ: +30 2314 440300